Sitting together (Registro nro. 311556)
[ vista simple ]
| 000 -ENCABEZADO | |
|---|---|
| Número de control [NR] | 01451cam a2200313 i 4500 |
| 001 - NÚMERO DE CONTROL | |
| control field | 17918491 |
| 005 - FECHA Y HORA DE LA ÚLTIMA TRANSACCIÓN | |
| control field | 20190301171517.0 |
| 008 - DE LONGITUD FIJA DE DATOS DE ELEMENTOS - INFORMACIÓN GENERAL | |
| Elementos de longitud fija [NR] | 190225s2014 nyu b 001 0 eng d |
| 010 ## - NUMERO DE CONTROL DE LA BIBLIOTECA DEL CONGRESO (LC) [NR] | |
| Número de control LC [NR] | 2013042212 |
| 020 ## - NUMERO INTERNACIONAL NORMALIZADO PARA LIBROS [R] | |
| Número Internacional Normalizado del libro [NR] | 9781462513987 |
| 020 ## - NUMERO INTERNACIONAL NORMALIZADO PARA LIBROS [R] | |
| Número Internacional Normalizado del libro [NR] | 9781462527731 |
| 040 ## - FUENTE DE CATALOGACION [NR] | |
| Agencia de catalogación original [NR] | CO-BoUCM |
| Idioma de catalogación [NR] | spa |
| Quien Cataloga | Saul Niño |
| Quien Clasifica | Saul Niño |
| 041 ## - CODIGO DE IDIOMA [R] | |
| Código de idioma para texto/pista de sonido o título separado [R] | Inglés |
| 060 ## - SIGNATURA TOPOGRAFICA DE LA BIBLIOTECA NACIONAL DE MEDICINA (NLM) [R] | |
| Número clasificador [R] | WM 425.5.C6 |
| 100 1# - ASIENTO PRINCIPAL--NOMBRE PERSONAL [NR] | |
| Nombre personal [NR] | Pollak, Susan |
| ID Autoridad | 95612 |
| 245 10 - MENCION DE TITULO [NR] | |
| Título [NR] | Sitting together |
| Parte restante del título [NR] | essential skills for mindfulness-based psychotherapy |
| Mención de responsabilidad, etc. [NR] | Susan M. Pollak, Thomas Pedulla, Ronald D. Siegel |
| 260 ## - PUBLICACION, DISTRIBUCION, ETC. (PIE DE IMPRENTA) [R] | |
| Lugar de publicación, distribución, etc. [R] | New York |
| Nombre del editor, distribuidor, etc. [R] | The Guilford Press |
| Fecha de publicación, distribución, etc. [R] | [2014] |
| 300 ## - DESCRIPCION FISICA [R] | |
| Extensión [R] | xv, 240 páginas |
| 505 0# - NOTA DE CONTENIDO CON FORMATO PREESTABLECIDO [R] | |
| Nota de contenido con formato preestablecido [NR] | Bringing mindfulness into psychotherapy -- Becoming a mindful therapist -- Cultivating mindfulness in the therapeutic relationship -- Concentration practice : focusing the mind -- Open monitoring : expanding the mind -- Loving-kindness and compassion practice: engaging the heart -- Equanimity practice : finding balance -- Making mindfulness accessible -- The art of sequencing -- Beyond symptom relief : deepening mindfulness. |
| 546 ## - NOTA DE IDIOMA [R] | |
| Nota de idioma [NR] | Texto en inglés |
| 650 #7 - ASIENTO SECUNDARIO DE MATERIA - TERMINO TEMATICO [R] | |
| Término temático o nombre geográfico como elemento de entrada [NR] | Terapia cognitiva |
| 9 (RLIN) | 404 |
| 650 #7 - ASIENTO SECUNDARIO DE MATERIA - TERMINO TEMATICO [R] | |
| Término temático o nombre geográfico como elemento de entrada [NR] | Meditación |
| Subdivisión general [R] | Uso terapéutico |
| 9 (RLIN) | 19254 |
| 650 #7 - ASIENTO SECUNDARIO DE MATERIA - TERMINO TEMATICO [R] | |
| Término temático o nombre geográfico como elemento de entrada [NR] | Conciencia (Psicología) |
| 9 (RLIN) | 11456 |
| 650 #7 - ASIENTO SECUNDARIO DE MATERIA - TERMINO TEMATICO [R] | |
| Término temático o nombre geográfico como elemento de entrada [NR] | Psicoterapia |
| 9 (RLIN) | 22877 |
| 700 1# - ASIENTO SECUNDARIO - NOMBRE PERSONAL [R] | |
| Nombre personal [NR] | Pedulla, Thomas |
| 9 (RLIN) | 95613 |
| 700 1# - ASIENTO SECUNDARIO - NOMBRE PERSONAL [R] | |
| Nombre personal [NR] | Siegel, Ronald D. |
| 9 (RLIN) | 95614 |
| 942 ## - ELEMENTOS DE ENTRADA AGREGADOS (KOHA) | |
| Sistema de clasificación | NLM |
| Tema principal | Ciencias de la salud |
| Tipo de ítem principal el descrito en 300a | Libro de reserva |
| Edición | 1 |
| Clasificación | WM 425.5C6 |
| Parte restante de la signatura top. | P771s |
| Signatura topográfica | Código de barras | Última vez visto | Ejemplar | Costo de reposición | Price effective from | Tipo de ítem | Nota pública (OPAC) | Perdido | Sistema de clasificación | Dañado | No prestable | Tipo de ítem específico | Suprimido | Ubicación habitual | Ubicación actual | Localización | Fecha de creación | Proveedor | Forma de adquisición | Costo | Fecha de último préstamo | Total préstamos | Total Renewals |
|---|---|---|---|---|---|---|---|---|---|---|---|---|---|---|---|---|---|---|---|---|---|---|---|
| WM 425.5.C6 P771s | 100159272 | 12/12/2025 | Ej.1 | 82641.00 | 18/02/2019 | Libro | Spot Psicología & Psiquiatría | NLM | Libro | Quinta de Mutis | Quinta de Mutis | 3er piso | 18/02/2019 | 15 | Compra | 82641.00 | |||||||
| WM 425.5.C6 P771s | 100159273 | 12/12/2025 | Ej.2 | 82641.00 | 18/02/2019 | Libro | Spot Psicología & Psiquiatría | NLM | Libro | Quinta de Mutis | Quinta de Mutis | 3er piso | 18/02/2019 | 15 | Compra | 82641.00 | 20/08/2021 | 4 | 4 |